Historia 2 : la modernidad occidental Europa y América colonial entre los siglos xv y xviii /
Guardado en:
| Autor Principal: | |
|---|---|
| Otros Autores: | , , , , , |
| Formato: | Libro |
| Publicado: |
Buenos Aires :
Aique,
2010
|
| Series: | El mundo en tus manos
|
| Materias: | |
| Etiquetas: |
Agregar Etiqueta
Sin Etiquetas, Sea el primero en etiquetar este registro!
|
| LEADER | 02659nam a22004455a 4500 | ||
|---|---|---|---|
| 001 | CEM.cems013308 | ||
| 008 | 130507s2010##################000#0#####d | ||
| 005 | 20220208101045.0 | ||
| 003 | CEMS | ||
| 245 | 1 | 0 | |a Historia 2 : |b la modernidad occidental Europa y América colonial entre los siglos xv y xviii / |c Coordinado Por Alejandro Cristófori. |
| 260 | |a Buenos Aires : |b Aique, |c 2010 | ||
| 300 | |a 256 p. | ||
| 490 | 0 | |a El mundo en tus manos | |
| 500 | |a Para el nivel Educación Secundaria Básica | ||
| 505 | 0 | |a América y Europa: vinculos coloniales a partir del siglo XV -- El nacimiento de la Europa moderna -- América. Sociedades originarias en vísperas de la conquista -- Conquista y organización del territorio colonial de América -- La formación del mundo americano colonial -- La organización, la administración y la explotación del Imperio -- La sociedad colonial -- América y Europa en el contexto de formación del sistema capitalista -- La crisis del absolutismo: la Revolución francesa -- Las colonias españolas en el siglo XVIII: reforma y conflictos -- Formación de los entramados socioculturales latinoamericanos -- América Latina ayer y hoy, continuidades y rupturas | |
| 020 | |a 9789870602484 | ||
| 100 | 1 | |a Cristófori, Alejandro | |
| 700 | 1 | |a Braccio, Gabriela | |
| 700 | 1 | |a Sugobono, Nahuel | |
| 700 | 1 | |a Sandoval, Olga | |
| 700 | 1 | |a Ruiz, Diego | |
| 700 | 1 | |a Garbanini, Laura | |
| 700 | 1 | |a Maito, Matías | |
| 082 | 0 | 4 | |a Z940.2 |
| 653 | |a Ciencias sociales | ||
| 653 | |a Ciencias sociales-2º esb | ||
| 653 | |a Historia-2º esb | ||
| 859 | |a CEMS |b BIB. CEMS - Agricultura |h 940.2 |i C868 |p A1173.10 |t Ej.1 | ||
| 859 | |a CEMS |b BIB. CEMS - 11 de abril |h 940.2 |i C868 |p 25812.10 |t Ej.1 |v 2º |3 2º | ||
| 859 | |a CEMS |b BIB. CEMS - 11 de abril |h 940.2 |i C868 |p 25864.10 |t Ej.2 |v 2º |3 2º | ||
| 859 | |a CEMS |b BIB. CEMS - 11 de abril |h 940.2 |i C868 |p 25865.10 |t Ej.3 |v 2º |3 2º | ||
| 859 | |a CEMS |b BIB. CEMS - 11 de abril |h 940.2 |i C868 |p 25866.10 |t Ej.4 |v 2º |3 2º | ||
| 859 | |a CEMS |b BIB. CEMS - 11 de abril |h 940.2 |i C868 |p 25867.10 |t Ej.5 |v 2º |3 2º | ||
| 859 | |a CEMS |b BIB. CEMS - 11 de abril |h 940.2 |i C868 |p 25868.10 |t Ej.6 |v 2º |3 2º | ||
| 859 | |a CEMS |b BIB. CEMS - 11 de abril |h 940.2 |i C868 |p 25869.10 |t Ej.7 |v 2º |3 2º | ||
| 859 | |a CEMS |b BIB. CEMS - 11 de abril |h 940.2 |i C868 |p 25870.10 |t Ej.8 |v 2º |3 2º | ||
| 859 | |a CEMS |b BIB. CEMS - 11 de abril |h 940.2 |i C868 |p 25871.10 |t Ej.9 |v 2º |3 2º | ||
| 859 | |a CEMS |b BIB. CEMS - 11 de abril |h 940.2 |i C868 |p 25872.10 |t Ej.10 |v 2º |3 2º | ||
| 859 | |a CEMS |b BIB. CEMS - 11 de abril |h 940.2 |i C868 |p 25873.10 |t Ej.11 |v 2º |3 2º | ||
| 859 | |a CEMS |b BIB. CEMS - 11 de abril |h 940.2 |i C868 |p 26047.10 |t Ej.12 |v 2º |3 2º | ||
